| 000 | 03730nam0a2200421 4500 | ||
|---|---|---|---|
| 001 | RU\NLR\BIBL_A\016225816 | ||
| 005 | 20230214172253.0 | ||
| 010 |
_a978-5-94760-512-9 _935 |
||
| 021 |
_aRU _bКН-П-22-077152 _9КН-П-22-6742 |
||
| 035 | _a(NLR Aleph) 016225816 | ||
| 035 | _a(RuMoRGB)011340173 | ||
| 090 |
_a12752261 _c12752261 |
||
| 100 | _a20221202d2022 u y0rusy50 ca | ||
| 101 | 0 | _arus | |
| 102 | _aRU | ||
| 105 | _aa j 000zy | ||
| 181 | 0 |
_ai _baxxe |
|
| 182 | 0 | _an | |
| 200 | 1 |
_aМонтаж закадрового текста _eиспользование закадрового текста в неигровом кино _eучебное пособие _eпо специальности 55.05.01 "Режиссура кино и телевидения" _fА. А. Екатерининская, Е. М. Кощина, Н. В. Макаров [и др.] _gМинистерство культуры Российской Федерации, Федеральное государственное бюджетное образовательное учреждение высшего образования "Санкт-Петербургский государственный институт кино и телевидения" |
|
| 203 |
_aТекст _bвизуальный _cнепосредственный |
||
| 210 |
_aСанкт-Петербург _cСПбГИКИТ _d2022 |
||
| 215 |
_a128, [1] с. _cил. _d20 |
||
| 300 | _aАвт. указаны на обороте тит. л. | ||
| 320 | _aБиблиогр.: с. 97-99 | ||
| 330 | _aУчебное пособие посвящено вопросам, касающимся использования закадрового текста в неигровом кино. В пособии раскрываются теоретические основы использования закадрового текста в неигровом кинематографе, даются практические рекомендации при работе над словом в неигровом кино. Значительное внимание уделяется такому важному аспекту, как логический разбор и техника чтения закадровых текстов. Учебное пособие соответствует программе дисциплины "Монтаж закадрового текста в неигровом кино". Предназначено для студентов, обучающихся по специальности 55.05.01 "Режиссура кино и телевидения", а также преподавателей, аспирантов, научных и практических работников | ||
| 606 | 1 |
_aДокументальное кино _jУчебные издания _9982073 _3RU\NLR\AUTH\66369805 |
|
| 606 | 1 |
_aФильмы _jУчебные издания _xЗвуковое оформление _91135079 _3RU\NLR\AUTH\66451184 |
|
| 686 | 1 | _aЩ370.78 я7 | |
| 686 | 1 | _aЩ375 я7 | |
| 701 | 1 |
_aЕкатерининская _bА. А. _gАнна Алексеевна |
|
| 701 | 1 |
_aКощина _bЕ. М. _gЕлена Михайловна |
|
| 701 | 1 |
_7ca _8rus _aМакаров _bН. В. _cрежиссер, сценарист _f1955- _gНиколай Витальевич _9210768 _3RU\NLR\AUTH\770210824 |
|
| 712 | 0 | 2 |
_4475 _aСанкт-Петербургский государственный институт кино и телевидения _9472307 _3RU\NLR\AUTH\880402675 |
| 942 | _cBOOK | ||
| 980 | _aNB | ||